<?xml version="1.0" encoding="UTF-8"?>
<marc:record xmlns:marc="http://www.loc.gov/MARC21/slim">
   <marc:leader>00000nam a2200000 a 4500</marc:leader>
   <marc:datafield ind1="1" ind2=" " tag="100">
      <marc:subfield code="a">Breithaupt, Fritz</marc:subfield>
      <marc:subfield code="4">aut</marc:subfield>
      <marc:subfield code="e">Verfasser/-in</marc:subfield>
   </marc:datafield>
   <marc:datafield ind1=" " ind2=" " tag="653">
      <marc:subfield code="a">Erfahrung</marc:subfield>
   </marc:datafield>
   <marc:datafield ind1=" " ind2=" " tag="653">
      <marc:subfield code="a">s||Psychologie</marc:subfield>
   </marc:datafield>
   <marc:datafield ind1="0" ind2="0" tag="245">
      <marc:subfield code="a">Einmal, zweimal, keinmal</marc:subfield>
   </marc:datafield>
   <marc:datafield ind1="0" ind2="0" tag="245">
      <marc:subfield code="b">Wie wir Erfahrungen machen</marc:subfield>
   </marc:datafield>
   <marc:datafield ind1="0" ind2="0" tag="245">
      <marc:subfield code="c">Fritz Breithaupt</marc:subfield>
   </marc:datafield>
   <marc:datafield ind1=" " ind2="1" tag="264">
      <marc:subfield code="a">Berlin</marc:subfield>
      <marc:subfield code="b">Suhrkamp</marc:subfield>
      <marc:subfield code="c">2026</marc:subfield>
   </marc:datafield>
   <marc:datafield ind1=" " ind2=" " tag="250">
      <marc:subfield code="a">1. Auflage</marc:subfield>
   </marc:datafield>
   <marc:datafield ind1="1" ind2=" " tag="520">
      <marc:subfield code="a">Das erste Mal öffnet Türen &#x96; oder schließt sie. In der Wiederholung können wir vergleichen, genießen, beurteilen, revidieren. Wir entwickeln Standards. Das erlaubt uns, auszusortieren. Wiederholungsfixierung, sei es im eigenen Leben oder in der Politik, kann allerdings auch zur Vermeidung des Neuen führen. Imaginierte Erfahrungen schließlich sind die geheimen Leitsterne unserer Navigation. Denn auch das ungelebte Leben pocht auf seine Geltung. Breithaupt stützt sich auf reiche Befunde der Psychologie und Philosophie, verarbeitet neue wissenschaftliche Erkenntnisse seines eigenen Labors und durchleuchtet die Archive auf der Suche nach Aufzeichnungen sexueller und ästhetischer Natur. An unseren vielschichtigen Erlebnisweisen zeigt sich, was uns von intelligenten Maschinen unterscheidet: Wir Menschen sind Erfahrungswesen.</marc:subfield>
   </marc:datafield>
   <marc:datafield ind1=" " ind2=" " tag="020">
      <marc:subfield code="a">9783518588390</marc:subfield>
      <marc:subfield code="9">9783518588390</marc:subfield>
   </marc:datafield>
   <marc:datafield ind1=" " ind2=" " tag="020">
      <marc:subfield code="a">3518588397</marc:subfield>
      <marc:subfield code="9">3518588397</marc:subfield>
   </marc:datafield>
   <marc:datafield ind1="3" ind2=" " tag="024">
      <marc:subfield code="a">9783518588390</marc:subfield>
   </marc:datafield>
   <marc:datafield ind1=" " ind2=" " tag="041">
      <marc:subfield code="a">ger</marc:subfield>
   </marc:datafield>
   <marc:datafield ind1="0" ind2=" " tag="490">
      <marc:subfield code="v">0</marc:subfield>
   </marc:datafield>
   <marc:datafield ind1=" " ind2=" " tag="300">
      <marc:subfield code="a">280 Seiten</marc:subfield>
   </marc:datafield>
</marc:record>
